000 00568nam a2200181Ia 4500
008 100921s9999 xx 000 0 und d
082 _b12004
_a891.463 थ 72
100 _aरेगे रामचंद्र.
245 _aरूप तेरा.
260 _bवीणा प्रकाशन,नागपूर.
_c1972
300 _a144
_b---
365 _b6
520 _aललित-कादंबरी.
630 _aरूप तेरा.
650 _aललित-कादंबरी.
730 _aरूप तेरा.
942 _cBOOK
999 _c761117
_d761114